000 00580pab a2200157 454500
008 180718b1999 xxu||||| |||| 00| 0 eng d
100 _aJha, J.D.
245 _aMoney matters: restructuring banks in CIS
260 _c1999
300 _ap.1756-758
362 _a3 Jul
520 _aWith the expensive restructuring of banks in Russia and many other countries of CIS, financial institutions have begun to play a significant role, often in a decision-making capacity, in the economy. - Reproduced
650 _aBanks
773 _aEconomic and Political Weekly
909 _a41422
999 _c41422
_d41422